An introduction to physical methods of treatment in psychiatry (Record no. 4974)

000 -LEADER
fixed length control field 01089cam a2200337 4500
001 - CONTROL NUMBER
control field 4556983
003 - CONTROL NUMBER IDENTIFIER
control field OSt
005 - DATE AND TIME OF LATEST TRANSACTION
control field 20220401074135.0
008 - FIXED-LENGTH DATA ELEMENTS--GENERAL INFORMATION
fixed length control field 720728s1972 stka b 001 0 eng b
010 ## - LIBRARY OF CONGRESS CONTROL NUMBER
LC control number 72304932
015 ## - NATIONAL BIBLIOGRAPHY NUMBER
National bibliography number B72-08446
020 ## - INTERNATIONAL STANDARD BOOK NUMBER
International Standard Book Number 044300868X
040 ## - CATALOGING SOURCE
Original cataloging agency DLC
Transcribing agency ALUPE UNIVERSITY
Modifying agency DLC
050 10 - LIBRARY OF CONGRESS CALL NUMBER
Classification number RC480.5
Item number .S27 1972
060 ## - NATIONAL LIBRARY OF MEDICINE CALL NUMBER
Classification number WM405 S245i 1972
082 00 - DEWEY DECIMAL CLASSIFICATION NUMBER
Classification number 616.8/913
100 1# - MAIN ENTRY--PERSONAL NAME
Personal name Sargant, William Walters.
245 13 - TITLE STATEMENT
Title An introduction to physical methods of treatment in psychiatry
Statement of responsibility, etc. [by] William Sargant, Eliot Slater; assisted by Desmond Kelly.
250 ## - EDITION STATEMENT
Edition statement 5th ed.
260 ## - PUBLICATION, DISTRIBUTION, ETC.
Place of publication, distribution, etc. Edinburgh,
Name of publisher, distributor, etc. Churchill Livingstone,
Date of publication, distribution, etc. 1972.
300 ## - PHYSICAL DESCRIPTION
Extent xvi, 318, [2] p.
Other physical details illus.
Dimensions 23 cm.
350 ## - PRICE (NR) (BK AM CF MU VM SE) [OBSOLETE]
Price £3.00
504 ## - BIBLIOGRAPHY, ETC. NOTE
Bibliography, etc. note Bibliography: p. [289]-304.
650 #0 - SUBJECT ADDED ENTRY--TOPICAL TERM
Topical term or geographic name entry element Psychotherapy.
650 #2 - SUBJECT ADDED ENTRY--TOPICAL TERM
Topical term or geographic name entry element Mental disorders
General subdivision Therapy.
700 1# - ADDED ENTRY--PERSONAL NAME
Personal name Slater, Eliot,
Dates associated with a name 1904-1983,
Relator term joint author.
700 1# - ADDED ENTRY--PERSONAL NAME
Personal name Kelly, Desmond,
Titles and other words associated with a name M.D.
740 ## - ADDED ENTRY--UNCONTROLLED RELATED/ANALYTICAL TITLE
Uncontrolled related/analytical title Physical methods of treatment in psychiatry.
906 ## - LOCAL DATA ELEMENT F, LDF (RLIN)
a 7
b cbc
c orignew
d 3
e ncip
f 19
g y-gencatlg
942 ## - ADDED ENTRY ELEMENTS (KOHA)
Source of classification or shelving scheme
Koha item type Book
Suppress in OPAC JO
Holdings
Withdrawn status Lost status Source of classification or shelving scheme Damaged status Not for loan Permanent Location Current Location Shelving location Date acquired Source of acquisition Total Checkouts Full call number Barcode Date last seen Price effective from Koha item type Public note
          AU LIBRARY AU LIBRARY Open Shelf 01.04.2022 DONATION FROM MOI UNIVERSITY   RC480.5 .S27 1972 28007402 01.04.2022 01.04.2022 Book JO

Powered by Koha